Rear Ends Quiz Stats

 Plays Quiz Updated Jul 24, 2013

Also try: Historical License
Challenge
Share
Tweet
Score 0/20 Timer 03:00
3 Plays Today
% Correct
BUMPER
82.5%
Pokey
81%
COW
73%
HIT
70.1%
TEXAS
64.2%
CHRISTMAS
63.9%
MOVE
58.8%
Minor
55.4%
trees
54.1%
longer
53.9%
% Correct
PANTS
52.4%
FINGER
48.2%
FOLLOW
47.5%
REVERSE
47.3%
comic
37%
impressed
33.6%
HOOKER
29.1%
GEEK
19.5%
Urban
8.4%
HIPPIES
8%

You're not logged in!

Compare scores with friends on all Sporcle quizzes.
OR
Log In

You Might Also Like...

Show Comments

Extras

Top Quizzes Today


Score Distribution

Your Account Isn't Verified!

In order to create a playlist on Sporcle, you need to verify the email address you used during registration. Go to your Sporcle Settings to finish the process.

Report this User

Report this user for behavior that violates our Community Guidelines.

Details: